000 00216 a2200097 4500
001 38227
100 _aAbdul Rauof
245 _aTasveery Tarikh-e-Islam
260 _aLahore
_bFerozsons
_c1995
090 _c24284
_d24284
942 _aNUST-CAE
_cM
_c15874
999 _c273300
_d273300